000 00496nam a2200169Ia 4500
005 20250923144418.0
008 008 250917s9999 xx 000 0 eng d
037 _aTextual
040 _aDSWL
_beng
_cDSWL
041 _aeng
_2eng
084 _aYX,Z1p73,N5, N51
_qDSWL
245 0 _aMidcentury whitecon a healthy personality of every child pREF on children and youth
260 _c1951
300 _a197 p.
942 _cTEXL
_hYX,Z1p73,N5, N51
999 _c1438521
_d1438521